Statistics for Famous Andy's

Click here to take the quiz!

General Stats

  • This quiz has been taken 159 times
  • The average score is 6 of 15

Answer Stats

HintAnswer% Correct
Campbell's Soup artistWarhol
85%
Bee Gees brotherGibb
80%
MayberryGriffith
60%
Groundhog Day, Four Weddings and a FuneralMacDowell
53%
Godfather Part III, Ocean's Eleven, Twelve, ThirteenGarcia
51%
Brooklyn 99, SNLSamburg
40%
Tennis proRoddick
38%
"A few minutes with...."Rooney
38%
Taxi, Tony Clifton, LatkaKaufman
35%
Newsradio, comedian, body partDick
27%
Shawshank!Dufresne
26%
Conan's sidekickRichter
23%
Bravo's "Watch What Happens Live"Cohen
13%
Parks and RecreationDwyer
9%
Nancy's brother in law on "Weeds"Botwin
7%

Score Distribution

Percentile by Number Answered

Percent of People with Each Score

Your Score History

You have not taken this quiz